000 00737cam a22002413a 4500
001 3483
003 PGUSA
005 20140828083033.0
008 021001s2002||||xxu|||||s|||||000 | eng d
040 _aPGUSA
_beng
042 _adc
050 4 _aPS
100 1 _aHowells, William Dean,
_d1837-1920
245 1 0 _aWidger's Quotations from the Project Gutenberg Editions of the Works of William Dean Howells
_h[electronic resource] /
_cWilliam Dean Howells
260 _bProject Gutenberg,
_c2002
506 _aPublic domain in the USA.
516 _aElectronic text
653 _aQuotations
700 1 _aWidger, David,
_d1932-
830 0 _aProject Gutenberg
_v3483
856 4 0 _uhttp://www.gutenberg.org/ebooks/3483
942 _cEB
999 _c232812
_d232812